Multinacionales en la Argentina (Registro nro. 3836)

Detalles MARC
000 -LEADER
fixed length control field 02472 a2200253 4500
001 - CONTROL NUMBER
control field 44887
005 - DATE AND TIME OF LATEST TRANSACTION
control field 20260407155723.0
008 - FIXED-LENGTH DATA ELEMENTS--GENERAL INFORMATION
fixed length control field 260407a2011 arg spa d
003 - CONTROL NUMBER IDENTIFIER
control field AR-UNSa-BCEJYS
040 ## - CATALOGING SOURCE
Original cataloging agency AR-UNSa-BCEJYS
Language of cataloging spa
Transcribing agency AR-UNSa-BCEJYS
080 ## - UNIVERSAL DECIMAL CLASSIFICATION NUMBER
Universal Decimal Classification number 331.1
Common auxiliary subdivision Teoría y organización del trabajo. Relaciones entre empresas y trabajadores
020 ## - INTERNATIONAL STANDARD BOOK NUMBER
International Standard Book Number 978-987-1560-35-6
041 ## - LANGUAGE CODE
Language code of text/sound track or separate title spa
100 1# - MAIN ENTRY--PERSONAL NAME
Personal name Palomino, Héctor
245 10 - TITLE STATEMENT
Title Multinacionales en la Argentina
Name of part/section of a work estrategias de empleo, relaciones laborales y cadenas globales de valor
264 #1 - PRODUCTION, PUBLICATION, DISTRIBUTION, MANUFACTURE, AND COPYRIGHT NOTICE
Place of production, publication, distribution, manufacture Buenos Aires :
Name of producer, publisher, distributor, manufacturer PNUD
Date of production, publication, distribution, manufacture, or copyright notice 2011
300 ## - PHYSICAL DESCRIPTION
Extent 326 p.
Dimensions 23 cm.
505 ## - FORMATTED CONTENTS NOTE
Formatted contents note 1. Impactos de la inversión extranjera directa en la economía Argentina desde los años noventa. Consolidación y cambios en la especialización productiva / Cecilia Fernández Bugna; Fernando Porta – 2. L a evolución del empleo en las empresas multinacionales en la Argentina. Desarmando mitos a través de nuevas evidencias / Sofía Rojo Brizuela; Lucia Tumini y Gabriel Yoguel – 3. Estrategias de las filiales de multinacionales en la Argentina: Cadena de valor y autonomía / Marcelo Dinenzon; Verónica Robert; Gabriel Yoguel – 4. Las filiales de la Argentina y México en la Cadena Global de Valor / Jorge Carrillo; Marta Novick; Redi Gomis; María Silvana Guerrera y Héctor Palomino – 5. La adaptación de las firmas multinacionales al sistema de relaciones laborales. La autonomía de las filiales Argentinas y la presencia sindical en los lugares de trabajo / Héctor Palomino; María Silvana Guerrera – 6. Empresas multinacionales y doble institucionalidad: Los impactos del origen del capital en las filiales Argentinas / Cecilia Senén González; David Trajtemberg; Bárbara Medwid – 7. La gestión de la fuerza de trabajo en las filiales Argentinas de empresas multinacionales / Marcelo Defini; Analía Erbes – 8. Estrategias gerenciales de las filiales Argentinas hacia los empleados y sus representantes / Marcelo Delfini; Analía Erbes; María Silvana Guerrera – 9. Capacidades de absorción y conectividad, relaciones laborales y dinámica del empleo en las filiales Argentinas / Analía Erbes; Verónica Robert; Sofía Rojo Brizuela; Gabriel Yoguel
590 ## - LOCAL NOTE (RLIN)
Local note niveau_biblio:m niveau_hierar:0
700 1# - ADDED ENTRY--PERSONAL NAME
Personal name Novick, Marta
700 1# - ADDED ENTRY--PERSONAL NAME
Personal name Gurrera, María Silvana
856 41 - ELECTRONIC LOCATION AND ACCESS
Uniform Resource Identifier <a href="https://www.biblioeco.unsa.edu.ar/pmb/images/libros/L127018.jpg">https://www.biblioeco.unsa.edu.ar/pmb/images/libros/L127018.jpg</a>
Link text Imagen de portada
Electronic format type image/jpeg
942 ## - ADDED ENTRY ELEMENTS (KOHA)
Koha item type
Existencias
Withdrawn status Lost status Damaged status Not for loan Home library Current library Shelving location Date acquired Total checkouts Full call number Barcode Date last seen Price effective from Koha item type
        Biblioteca Prof. Eusebio Cleto del Rey Biblioteca Prof. Eusebio Cleto del Rey   07/04/2026   331.1 N943 L127018 07/04/2026 07/04/2026 Libro